书目信息 |
| 题名: |
篮球运动基础科研理论与方法
|
|
| 作者: | 任俊贤 编著 | |
| 分册: | ||
| 出版信息: | 石家庄 河北科学技术出版社 1991.11 |
|
| 页数: | 73页 | |
| 开本: | 19cm | |
| 丛书名: | ||
| 单 册: | ||
| 中图分类: | G841.1 | |
| 科图分类: | ||
| 主题词: | 篮球运动 , 球类运动 | |
| 电子资源: | ||
| ISBN: | 7-5375-0780-5 | |
| 000 | 00796nam0 2200241 45 | |
| 001 | 0193020607 | |
| 005 | 20060517094432.93 | |
| 010 | @a7-5375-0780-5@dCNY1.70 | |
| 100 | @a19800101d1991 em y0chiy0121 ea | |
| 101 | 0 | @achi |
| 102 | @aCN@b130000 | |
| 105 | @af z 000yy | |
| 200 | 10 | @a篮球运动基础科研理论与方法@ALan Qiu Yun Dong Ji Chu Ke Yan Li Lun Yu Fang Fa@f任俊贤编著@FREN JUN XIAN BIAN ZHU |
| 210 | @a石家庄@c河北科学技术出版社@d1991.11 | |
| 215 | @a73页@d19cm | |
| 330 | @a本书介绍了有关篮球新技术、新战术的名称、定义、方法、理论依据、临场应用、教学训练方法等内容。 | |
| 540 | 1 | @a篮球 技战术@ALAN QIU JI ZHAN SHU |
| 606 | @a篮球运动 | |
| 606 | 0 | @a球类运动 |
| 690 | @aG841.1@v4 | |
| 701 | 0 | @a任俊贤@AREN JUN XIAN@4编著 |
| 801 | 0 | @aCN@bNLC@c20060517 |
| 905 | @dG841.1@e74 | |
| 篮球运动基础科研理论与方法/任俊贤编著.-石家庄:河北科学技术出版社,1991.11 |
| 73页;19cm |
| ISBN 7-5375-0780-5:CNY1.70 |
| 本书介绍了有关篮球新技术、新战术的名称、定义、方法、理论依据、临场应用、教学训练方法等内容。 |
| ● |
| 相关链接 |
|
|
|
|
正题名:篮球运动基础科研理论与方法
索取号:G841.1/74
 
预约/预借
| 序号 | 登录号 | 条形码 | 馆藏地/架位号 | 状态 | 备注 |
| 1 | 0251385 | 202352952 | 密集书库/ [索取号:G841.1/74] | 在馆 | |
| 2 | 0251386 | 000302078 | 密集书库/ [索取号:G841.1/74] | 在馆 | |
| 3 | 0251387 | 000302087 | 密集书库/ [索取号:G841.1/74] | 在馆 | |
| 4 | 0251388 | 000302014 | 密集书库/ [索取号:G841.1/74] | 在馆 | |
| 5 | 0251389 | 000302023 | 密集书库/ [索取号:G841.1/74] | 在馆 | |
| 6 | 0251390 | 000302032 | 密集书库/ [索取号:G841.1/74] | 在馆 | |
| 7 | 0251391 | 000302041 | 密集书库/ [索取号:G841.1/74] | 在馆 | |
| 8 | 0251392 | 000301970 | 密集书库/ [索取号:G841.1/74] | 在馆 | |
| 9 | 0251393 | 000301989 | 密集书库/ [索取号:G841.1/74] | 在馆 | |
| 10 | 0251394 | 000301998 | 第一样本阅览室/ [索取号:G841.1/74] | 在馆 |